Statistics for Name the Lemur

Click here to take the quiz!

General Stats

  • This quiz has been taken 32 times
  • The average score is 6 of 20

Answer Stats

Answer% Correct
Ring-Tailed Lemur
94%
Aye-aye
78%
Black Lemur
67%
Indri
61%
Red Ruffed Lemur
50%
Madame Berthe's Mouse Lemur
44%
Crowned Lemur
33%
Mongoose Lemur
33%
Black and White Ruffed Lemur
28%
Eastern Lesser Bamboo Lemur
28%
Blue-Eyed Black Lemur
22%
Silky Sifaka
22%
Collared Lemur
17%
Coquerel's Sifaka
17%
Sahamalaza Sportive Lemur
17%
Diademed Sifaka
11%
Western Woolly Lemur
11%
Fat-Tailed Dwarf Lemur
6%
Pale Fork-Marked Lemur
0%
Red-Fronted Lemur
0%

Score Distribution

Percentile by Number Answered

Percent of People with Each Score

Your Score History

You have not taken this quiz